Donna Rosi so slovenským pôvodom a európskym šarmom

Bibliographic Details
Main Author: Polakovič, Ivan (Author)
Format: Article
Language:Slovak
PhysicalDescription:Obr.
Subjects:

MARC

LEADER 00000nab a2200000 a 4500
001 vtls000678064
003 SK-MaSNL
005 20260303115848.0
008 180205c1998 xo 0 slo
015 |a SNBRB1998/11-30568 
035 |a CLN000030233 
040 |a SNKBUCL  |b slo  |c SNKBUCL  |e AACR2 
041 0 |a slo 
044 |a xo  |c SK 
080 |a 687(437.6)  |2 UDC-MRF-SK2 
100 1 |a Polakovič, Ivan  |4 aut  |9 349228 
245 1 0 |a Donna Rosi so slovenským pôvodom a európskym šarmom  |c Ivan Polakovič 
300 |b Obr. 
650 0 7 |a odevný priemysel  |2 SNKPH  |9 71274 
655 7 |a články z novín a časopisov  |2 SNK  |9 267496 
773 0 |t Profit  |g Roč. 6, č. 46 (1998), s. 41-43 
850 |a Slovenská národná knižnica v Martine 
852 |a SNK  |b KIS3GCP 
958 |a RBX 
999 |c 1906413  |d 1908343